Word Ladder: Yogi Berra Quiz Stats

 Plays Quiz Updated Dec 28, 2018

Support Sporcle.
Go Orange.
Score 0/20 Timer 02:00
1 Play Today
Clue 4-Letter Word % Correct
'A nickel ain't worth a ____ anymore'•DIME•
94.2%
Masculine genderMALE
94%
'How can you think and hit at the same ____?'•TIME•
93.7%
'When you come to a ____ in the road, take it'•FORK•
89.3%
Golf cryFORE
88.5%
Rubber part of a wheelTIRE
87.2%
Caveman discoveryFIRE
86.4%
Pot coversLIDS
82.8%
'Half the ____ they tell about me aren't true'•LIES•
82.3%
Turns the light down someDIMS
81.6%
Clue 4-Letter Word % Correct
'We ____ too many wrong mistakes'•MADE•
80.2%
'You should always go to other people's funerals; otherwise, they ____ come to yours'•WON'T•
79.4%
BoysLADS
77%
Product of force and distance, or how you earn moneyWORK
75.1%
'Baseball is 90% mental --
the other ____ is physical'
•HALF•
74.3%
'I ____ to thank you for making this day necessary.'•WANT•
74%
Latin hymn: ___ IraeDIES
69.9%
In exceptional healthHALE
68.7%
To burden or loadLADE
67.4%
Super nerd, studies a specific topic excessivelyWONK
60.3%

Today's Daily Dose

You're not logged in!

Compare scores with friends on all Sporcle quizzes.
OR
Log In
Forgot?

From the Vault

Wrong Colors: Pokémon (Gen 1)

by gamelord2007

Gaming 3m
If you're anything like us you're going to get all but one of them and then be really anxious.
Remove Ads.
Support Sporcle.
Get the best of Sporcle when you Go Orange. This ad-free experience offers more features, more stats, and more fun while also helping to support Sporcle. Thank you for becoming a member.

Show Comments

Extras

Top Quizzes Today


Score Distribution

Your Account Isn't Verified!

In order to create a playlist on Sporcle, you need to verify the email address you used during registration. Go to your Sporcle Settings to finish the process.

Report this User

Report this user for behavior that violates our Community Guidelines.

Details: